000 00568nam a22001817a 4500
005 20241107151120.0
008 241022b |||||||| |||| 00| 0 eng d
020 _a9786218029170
082 _aDFil 657.044 M611 2024
100 _aMillan, Zeus Vernon B.
_946891
245 _aIntermediate accounting 2 /
_cZeus Vernon B. Millan.
250 _a2024 edition.
260 _aBaguio City :
_bBandolin Enterprise,
_c©2024.
300 _axvi, 722 pages :
_billustrations ;
_c21 cm.
500 _aIncludes references.
650 0 _aAccounting.
_963766
942 _2ddc
_cDFIL
999 _c22759
_d22759